Trestné právo hmotné v otázkach a odpovediach
Salvato in:
| Autore principale: | |
|---|---|
| Altri autori: | |
| Natura: | Libro |
| Lingua: | slovacco |
| Pubblicazione: |
Bratislava
IURA EDITION
2007
|
| Soggetti: | |
| Tags: |
Nessun Tag, puoi essere il primo ad aggiungerne!!
|
MARC
| LEADER | 00000nam$a2200000$$$4500 | ||
|---|---|---|---|
| 001 | 0066639 | ||
| 005 | 20221124121807.5 | ||
| 020 | |a 978-80-8078-147-7 | ||
| 041 | 0 | |a slo | |
| 044 | |a SK | ||
| 245 | 1 | 0 | |a Trestné právo hmotné v otázkach a odpovediach |c Jaroslav Ivor, Jozef Záhora |
| 264 | 1 | |a Bratislava |b IURA EDITION |c 2007 | |
| 300 | |a 413 s. | ||
| 500 | |a Publikácia je spracovaná vo forme kartičiek s otázkami a odpoveďami | ||
| 610 | 2 | 0 | |a právo trestné |
| 610 | 2 | 0 | |a zákony |
| 610 | 2 | 0 | |a legislatíva |
| 610 | 2 | 0 | |a Slovensko |
| 100 | 1 | |a Ivor, Jaroslav | |
| 700 | 1 | |a Záhora, Jozef | |